Wszyscy strzelcy goli dla rep. Polski za kadencji Jerzego Brzęczka - Statystyki

Ogólne statystyki
  • Ten quiz został rozwiązany 22 razy
  • Średni wynik to 32 z 36
Statystyki odpowiedzi
Odpowiedź % Poprawnych
Kamil Grosicki
100%
Kamil Grosicki
100%
Kamil Grosicki
100%
Kamil Grosicki
100%
Kamil Grosicki
100%
Robert Lewandowski
100%
Robert Lewandowski
100%
Robert Lewandowski
100%
Robert Lewandowski
100%
Robert Lewandowski
100%
Robert Lewandowski
100%
Robert Lewandowski
100%
Robert Lewandowski
100%
Arkadiusz Milik
95%
Arkadiusz Milik
95%
Arkadiusz Milik
95%
Grzegorz Krychowiak
95%
Krzysztof Piątek
95%
Krzysztof Piątek
95%
Krzysztof Piątek
95%
Krzysztof Piątek
95%
Krzysztof Piątek
95%
Krzysztof Piątek
95%
Krzysztof Piątek
95%
Jakub Błaszczykowski
86%
Karol Linetty
86%
Piotr Zieliński
86%
Kamil Glik
82%
Kamil Glik
82%
Sebastian Szymański
82%
Damian Kądzior
59%
Przemysław Frankowski
59%
Jakub Moder
55%
Jacek Góralski
50%
Kamil Jóźwiak
50%
Mateusz Klich
41%
Nie znaleziono quizów pasujących do podanych kryteriów
Rozkład punktacji
Procent ludzi z każdym wynikiem
Percentyl według liczby udzielonych odpowiedzi
Twoja historia wyników
Nie rozwiązałeś tego quizu